Trở lại vấn đề tôn giáo và tính hiện đại /

Đã lưu trong:
Sonraí Bibleagrafaíochta
Príomhúdar: Đỗ Quang Hưng.
Formáid: Bài viết
Teanga:Vietnamese
Ábhair:
Clibeanna: Cuir Clib Leis
Gan Chlibeanna, Bí ar an gcéad duine leis an taifead seo a chlibeáil!
Thư viện lưu trữ: Thư viện Trường Đại học Đà Lạt
LEADER 00882nam a2200301 4500
001 DLU190193152
005 ##20191028
040 # # |a DLU  |b vie 
041 # # |a vie 
044 # # |a vn 
100 # # |a Đỗ Quang Hưng. 
245 # # |a Trở lại vấn đề tôn giáo và tính hiện đại /  |c Đỗ Quang Hưng. 
653 # # |a Chủ nghĩa thế tục 
653 # # |a Hiện đại hóa 
653 # # |a Khoa học kỹ thuật 
653 # # |a Nhà nước pháp quyền 
653 # # |a Tính hiện đại 
653 # # |a Tôn giáo 
773 # # |t Nghiên cứu Tôn giáo  |g Số 9&10(158), 2016, tr. 3-26 
920 # # |a Phòng Tạp chí -- Trung tâm Thông tin - Thư viện Trường Đại học Đà Lạt 
994 # # |a DLU 
900 # # |a True 
911 # # |a Hoàng Thị Huyền 
925 # # |a G 
926 # # |a A 
927 # # |a BB 
980 # # |a Thư viện Trường Đại học Đà Lạt